• 首页
  • 本馆介绍
  • 公告通知
  • 最新文献
  • 馆藏检索
  • 电子资源
  • 读者导购
  • 参考咨询
  • 我的图书馆
  • 登录
  • 详细信息显示
  • 放入我的书架
  • 预约/预借图书
  • 作者相关作品
  • 分类相关作品
  • 丛书相关作品
  • 出版社相关作品

书目信息

  • 表格格式
  • 工作单格式
  • 卡片格式
题名:
数学是什么
    
 
作者: 柯朗 , Courant , 罗宾斯 , Robbins 著 ;汪浩 , 朱煜民 译
分册:  
出版信息: 长沙   湖南教育出版社  1985
页数: 547页
开本: 20cm
丛书名:
单 册:
中图分类: O1
科图分类:
主题词: 数学--理论
电子资源:
ISBN:
000 00845nam0 2200301 45
001 0185010564
005 20040701101430.8
010    @dCNY2.30
091    @aCN@b7284.467
100    @a19930909d1985 emky0chiy0121 ea
101 1  @achi@ceng
102    @aCN@b430000
105    @ay z 000yy
106    @ar
200 10 @a数学是什么@Ashu xue shi shen mo@f(美)柯朗(Courant,R.),(美)罗宾斯(Robbins,H.)著@g汪浩,朱煜民译
210    @a长沙@c湖南教育出版社@d1985
215    @a547页@d20cm
606    @a数学@x理论
690    @aO1@v3
701  1 @a柯朗@Ake lang@bR.@4著
701 A1 @aCourant@bR.@4著
701  1 @a罗宾斯@Aluo bin si@bH.@4著
701 A1 @aRobbins@bH.@4著
702  0 @a汪浩@Awang hao@4译
702  0 @a朱煜民@Azhu yu min@4译
801  0 @aCN@b深圳图书馆@c20040614
801  2 @aCN@bNLC@c20040614
905    @dO1@e125@f1@b132968
    
    数学是什么/(美)柯朗(Courant,R.),(美)罗宾斯(Robbins,H.)著/汪浩,朱煜民译.-长沙:湖南教育出版社,1985
    547页;20cm
    
    
    ISBN :CNY2.30
    
●
相关链接 在E读中查询图书 在五车中查询图书 在当当中查询图书 在豆瓣中查询图书


正题名:数学是什么     索取号:O1/125         预约/预借

序号 登录号 条形码 馆藏地/架位号 状态 备注
1 0132966   001247617   第三借阅区/ [索取号:O1/125] 在馆    
2 0132968   001247653   第三借阅区/ [索取号:O1/125] 在馆    
3 0132969   202091672   第二样本阅览室/ [索取号:O1/125] 在馆    
唐山师范学院图书馆 欢迎您!
大连网信软件有限公司© 版权所有